Hölderlin et Heidegger: recherche de la relation entre poésie et pensée

Kaydedildi:
Detaylı Bibliyografya
Yazar: Allemann, Beda (Yazar)
Materyal Türü: Kitap
Dil:Fransızca
Baskı/Yayın Bilgisi: París Universitaires de France 1959
Seri Bilgileri:Épiméthé. Essais Philosophiques
Konular:
Etiketler: Etiketle
Etiket eklenmemiş, İlk siz ekleyin!

MARC

LEADER 00000nam a2200000 a 4500
001 UCZ5247
003 CL-VaPUC
005 20240820103259.0
008 951117e19590000FR |||||||||||||||||fre|d
999 |c 241567  |d 241565 
040 |c Pontificia Universidad Católica de Valparaíso 
082 0 4 |a 193  |b ALL  |2 21 
100 0 |a Allemann, Beda  |e author  |9 349209 
245 1 0 |a Hölderlin et Heidegger: recherche de la relation entre poésie et pensée 
260 |a París  |b Universitaires de France  |c 1959 
300 |a 290 p 
490 0 |a Épiméthé. Essais Philosophiques 
583 |a last modification  |c 19951117 00:00:00  |k Rodrigo Vera 
600 0 7 |a HOLDERLIN, FRIEDRICH  |2 CL-VaPUC  |9 265116 
600 0 7 |a Heidegger, Martin,  |d 1889-1976  |9 863140 
650 0 |a Filosofía alemana   |9 265002 
650 0 |a Literatura alemana   |9 265457 
650 7 |a POESIA ALEMANA  |2 CL-VaPUC  |9 349210 
650 0 |a Fenomenología  |9 256519 
942 |c BK  |2 ddc 
945 |d 19951117 00:00:00  |a cmena 
952 |0 0  |1 0  |4 0  |6 193_000000000000000_ALL_1959  |7 0  |8 P  |9 253920  |a BIBEDU  |b BIBEDU  |c BIBEDU_PB  |d 2019-11-19  |i 1573268  |o 193 ALL 1959  |p 1573268  |r 2024-01-25  |w 2019-11-19  |y BK  |k FIL